| 000 | 00693nam a2200217Ia 4500 | ||
|---|---|---|---|
| 003 | GCL | ||
| 008 | 140319s9999 xx 000 0 ara d | ||
| 040 |
_aGCL / _cGCL |
||
| 082 | 0 | 4 |
_aم _b332.103 _bم م |
| 100 | 1 | _aمجدى ناصر الاسيوطى | |
| 245 | 1 | 0 |
_aمعجم المصطلحات المصرفية والمالية انجليزى .فرنسى . عربى / _cمجدى ناصر الاسيوطى |
| 260 |
_a[S.N] : _bمؤسسة الاهرام ، _c1986 |
||
| 490 | _a | ||
| 650 | 0 | 4 | _aفرنسا |
| 650 | 0 | 4 | _aالمراجع |
| 650 | 0 | 4 | _aالمحاسبة |
| 650 | 0 | 4 | _aانجليزى |
| 650 | 0 | 4 | _aعربى |
| 650 | 0 | 4 | _aالقواميس المتخصصة |
| 942 |
_2ddc _cBK |
||
| 999 |
_c53555 _d53555 |
||